Véritables Noms des braqueurs de La Casa de Papel - Statistiques

Statistiques générales
  • Ce quiz a été pris 587 fois
  • Le résultat moyen est 9 sur 14
Statistiques - réponses
Vraie Identité Nom de Code % Correct
Sergio Marquina Le Professeur
95%
Andrés de Fonollosa Berlin
94%
Anibal Cortes Rio
93%
Silene Oliveira Tokyo
89%
Raquel Murillo Lisbonne
87%
Agata Jimenez Nairobi
82%
Ricardo Daniel Ramos Denver
68%
Mirko Dragic Helsinki
64%
Monica Gaztambide Stockholm
53%
Agustin Ramos Moscou
52%
Martin Berrote Palerme
42%
Radko Dragic Oslo
39%
Inconnue Marseille
16%
Inconnue Bogota
9%
Aucun quiz correspondant
Distribution des résultats
% des personnes avec chaque résultat
Percentile par nombre de réponses
Votre historique - résultats
Vous n’avez pas pris ce quiz